Central Library OPAC University of Rajshahi

ছোটদের বঙ্গবন্ধু শেখ মুজিবুর রহমান / (Record no. 76146)

MARC details
000 -LEADER
fixed length control field 00886nam a22002177a 4500
001 - CONTROL NUMBER
control field 76146
003 - CONTROL NUMBER IDENTIFIER
rucl marc code BD-RjUL
005 - DATE AND TIME OF LATEST TRANSACTION
control field 20211209082811.0
008 - FIXED-LENGTH DATA ELEMENTS--GENERAL INFORMATION
fixed length control field 191103s2019 bg ||||| |||| 00| 0 ben d
035 ## - SYSTEM CONTROL NUMBER
System control number (BD-RjUL)76367
040 ## - CATALOGING SOURCE
Original cataloging agency BD-RjUL
Language of cataloging eng
Transcribing agency BD-RjUL
041 ## - LANGUAGE CODE
Language code of text/sound track or separate title eng
082 ## - DEWEY DECIMAL CLASSIFICATION NUMBER
Edition number 23
Classification number 954.9205
Author mark and year ZAC 2019
100 ## - MAIN ENTRY--PERSONAL NAME
Personal name জয়েনউদদীন, খালেক বিন
9 (RLIN) 135503
245 ## - TITLE STATEMENT
Title ছোটদের বঙ্গবন্ধু শেখ মুজিবুর রহমান /
Statement of responsibility, etc. খালেক বিন জয়েনউদদীন
264 ## - PRODUCTION, PUBLICATION, DISTRIBUTION, MANUFACTURE, AND COPYRIGHT NOTICE
Place of production, publication, distribution, manufacture ঢাকা :
Name of producer, publisher, distributor, manufacturer আরো প্রকাশন,
Date of production, publication, distribution, manufacture, or copyright notice ২০১৯
300 ## - PHYSICAL DESCRIPTION
Pagination ২৫৫ পৃ. ;
Size ২২ সেমি.
600 ## - SUBJECT ADDED ENTRY--PERSONAL NAME
Personal name Mujibur Rahman,
Titles and other words associated with a name Sheikh,
Dates associated with a name 1920-1975
Personal name মুজিবুর রহমান,
Titles and other words associated with a name শেখ,
Dates associated with a name ১৯২০-১৯৭৫
942 ## - ADDED ENTRY ELEMENTS (KOHA)
Source of classification or shelving scheme Dewey Decimal Classification
Koha item type Books
Holdings
Lost status Source of classification or shelving scheme Damaged status Not for loan Permanent Location Current Location Shelving location Date acquired Source of acquisition Cost, normal purchase price Total Checkouts Full call number Date last seen Copy number Koha item type
  Dewey Decimal Classification   Not For Loan Central Library, University of Rajshahi Central Library, University of Rajshahi Reading Room 29/10/2019 Vidyasagar, Rajshahi 600.00   B 954.9205 ZAC 2019 03/11/2019 C-1 Books